| 000 | 00340nam a2200109Ia 4500 | ||
|---|---|---|---|
| 008 | 171204s9999 xx 000 0 und d | ||
| 245 | _aHigh Performance Python: Practical Performant Programming for Humans: | ||
| 245 | _cMicha Gorelick | ||
| 260 | _c2014 | ||
| 650 | _xProgramming 1-2 | ||
| 856 | _uhttp://down.ebook777.com/049/1449361595.pdf | ||
| 999 |
_c345948 _d345948 |
||